| 000 | 01232cam a2200325 a 4500 | ||
|---|---|---|---|
| 001 | 2970 | ||
| 003 | FISKH | ||
| 005 | 20240126115833.0 | ||
| 008 | 100514s2011 nyu c 000 1 eng | ||
| 010 | _a 2010013536 | ||
| 020 | _a9780545162159 (reinforced binding) | ||
| 020 | _a9780545162166 | ||
| 040 |
_aDLC _cDLC _dDLC _beng |
||
| 042 | _alcac | ||
| 050 | 0 | 0 |
_aPZ7.S52833 _bGr 2011 |
| 082 | 0 | 0 |
_a[Fic] _222 |
| 100 | 1 | _aShang, Wendy Wan Long. | |
| 245 | 1 | 4 |
_aThe great wall of Lucy Wu / _cWendy Wan-Long Shang. |
| 250 | _aThis edition first printing, January 2013 | ||
| 260 |
_aNew York : _bScholastic, _c2011 |
||
| 300 |
_a312 pages ; _c20 cm |
||
| 520 | _aEleven-year-old aspiring basketball star and interior designer Lucy Wu is excited about finally having her own bedroom, until she learns that her great-aunt is coming to visit and Lucy will have to share a room with her for several months, shattering her plans for a perfect sixth-grade year. | ||
| 650 | 1 |
_aIndividuality _vFiction. |
|
| 650 | 1 |
_aFamily life _vFiction. |
|
| 650 | 1 |
_aChinese Americans _vFiction. |
|
| 650 | 1 |
_aGreat-aunts _vFiction. |
|
| 650 | 1 |
_aSchools _vFiction. |
|
| 906 |
_a7 _bcbc _corignew _d1 _eecip _f20 _gy-gencatlg |
||
| 942 |
_2ddc _cBK _n0 |
||
| 999 |
_c2970 _d2970 |
||